<?xml version="1.0" encoding="UTF-8"?>
<collection xmlns="http://www.loc.gov/MARC21/slim">
<record>
  <controlfield tag="001">2355</controlfield>
  <controlfield tag="005">20160701171704.0</controlfield>
  <datafield tag="037" ind1=" " ind2=" ">
    <subfield code="a">ASTROimport-512</subfield>
  </datafield>
  <datafield tag="100" ind1=" " ind2=" ">
    <subfield code="a">Lampens, P.</subfield>
  </datafield>
  <datafield tag="260" ind1=" " ind2=" ">
    <subfield code="c">2000</subfield>
  </datafield>
  <datafield tag="245" ind1=" " ind2=" ">
    <subfield code="a">δ Scuti Stars in Stellar Systems: the Interest of HD 220392 and HD 220391</subfield>
  </datafield>
  <datafield tag="520" ind1=" " ind2=" ">
    <subfield code="a">The very wide double star CCDM 23239-5349 is an interesting study case of a pulsating star within a common origin pair or wide binary. Both stars are located in the Delta Scuti instability strip. Based on data obtained at La Silla (Chile), at the Swiss 0.7m and the ESO 0.5m telescopes, we found two periodicities of about 4.7 and 5.5 cycles per day (cpd) with amplitudes of 0.014 and 0.011 mag, respectively, for HD 220392, the brightest member of the system. The most dominant periodicity was also detected in the Hipparcos Epoch Photometry data. A similar period search on the (smaller) dataset obtained for the 1 mag fainter B-component, HD 220391, however shows no periodic behaviour with an amplitude significantly above the noise level of the data (about 0.006 mag). </subfield>
  </datafield>
  <datafield tag="700" ind1=" " ind2=" ">
    <subfield code="a"> van Camp, M.</subfield>
  </datafield>
  <datafield tag="773" ind1=" " ind2=" ">
    <subfield code="p">Delta Scuti and Related Stars</subfield>
    <subfield code="v">210</subfield>
    <subfield code="y">2000</subfield>
    <subfield code="c">403</subfield>
  </datafield>
  <datafield tag="856" ind1="4" ind2="2">
    <subfield code="a">http://esoads.eso.org/abs/2000ASPC..210..403L</subfield>
  </datafield>
  <datafield tag="905" ind1=" " ind2=" ">
    <subfield code="a">published in</subfield>
  </datafield>
  <datafield tag="980" ind1=" " ind2=" ">
    <subfield code="a">NONREF</subfield>
  </datafield>
</record>
</collection>